| 000 | 00749cam a2200193 4500 | ||
|---|---|---|---|
| 008 | 040625t1992 ec g b 000 0 spa u | ||
| 020 | _a9978963561 | ||
| 035 | _aa438280 | ||
| 050 | 0 | 0 |
_aF3722 _bL48 1992 |
| 245 | 0 | 3 |
_aEl Levantamiento indígena del Inti raymi de 1990 / _c[Segundo Moreno Yánez, José Figueroa]. |
| 260 |
_aQuito, Ecuador : _bFundación Ecuatoriana de Estudios Sociales : _bABYA-YALA, _cc1992. |
||
| 300 |
_a160 p. ; _c18 cm. |
||
| 504 | _aBibliografía : p. 143-155 | ||
| 650 | 1 | 0 |
_aIndios de América del Sur _zEcuador _xPolítica y gobierno |
| 650 | 2 | 0 |
_aIndios de América del Sur _zEcuador _xVida social y costumbres |
| 700 | 1 | _aMoreno Yáñez, Segundo, coaut. | |
| 700 | 1 | _aFigueroa, José, coaut. | |
| 942 |
_2lcc _cLIB |
||
| 999 |
_c63727 _d63727 |
||